00573nam a22001457a 450000500170000000800410001702000150005804100130007308200140008610000420010024501820014226000460032430000310037065000260040120231110085444.0231110b |||||||| |||| 00| 0 eng d a0702110582 aEnglish  a346.1 HAH aHahlo, HR and Sinclair, JD lEnglish  aThe Reform of the South African Law of Divorce : bThe Dissolution of Marriages on Presumption of Death Act 23 of 1979 (The Divorce Act 70 of 1979) / cHR Hahlo and JD Sinclair  aCape Town : bJuta and Company Ltd,c1980 bvi, 66 pages ; c25,5 cm.  aLegal practice bLaw